General business guide for potential suppliers of goods and services to the United Nations system.(5th ed.) (Record no. 44379)

MARC details
000 -LEADER
fixed length control field 00678nam a2200157 a 4500
008 - FIXED-LENGTH DATA ELEMENTS--GENERAL INFORMATION
fixed length control field 100211s1985 ||||||||||||||||| || u
050 ## - LIBRARY OF CONGRESS CALL NUMBER
Classification number UNDP(02)
110 ## - MAIN ENTRY--CORPORATE NAME
Corporate name or jurisdiction name as entry element United Nations Development Programme (UNDP)
245 10 - TITLE STATEMENT
Title General business guide for potential suppliers of goods and services to the United Nations system.(5th ed.)
Statement of responsibility, etc. by United Nations Development Programme (UNDP)
250 ## - EDITION STATEMENT
Edition statement 5th ed.
260 ## - PUBLICATION, DISTRIBUTION, ETC.
Place of publication, distribution, etc. Geneva:
Name of publisher, distributor, etc. UNDP
Date of publication, distribution, etc. 1985
300 ## - PHYSICAL DESCRIPTION
Extent ii, 75p.: ill.
350 ## - PRICE (NR) (BK AM CF MU VM SE) [OBSOLETE]
Price 0.00
650 ## - SUBJECT ADDED ENTRY--TOPICAL TERM
Topical term or geographic name entry element UNITED NATIONS
995 ## - RECOMMENDATION 995 [LOCAL, UNIMARC FRANCE]
-- 0.00
-- CBU-MAIN LIBRARY (Kitwe)
-- 1
-- 0.00
-- 1
-- AVAILABLE
-- Feb 11, 2010
-- International Publications
Holdings
Withdrawn status Lost status Source of classification or shelving scheme Damaged status Not for loan Home library Current library Shelving location Date acquired Total Checkouts Full call number Barcode Date last seen Price effective from Koha item type
          CBU-MAIN LIBRARY, KITWE. CBU-MAIN LIBRARY, KITWE.   11/30/2022   UNDP(02) 03005873 11/30/2022 11/30/2022 MONOGRAPH